Greatest classic films : Little women : Madame Bovary : Pride and prejudice : Anna Karenina (Record no. 256059)
[ view plain ]
| 000 -LEADER | |
|---|---|
| fixed length control field | 01711ngm a22003731a 4500 |
| 001 - CONTROL NUMBER | |
| control field | lss05592624 |
| 005 - DATE AND TIME OF LATEST TRANSACTION | |
| control field | 20200320175505.0 |
| 007 - PHYSICAL DESCRIPTION FIXED FIELD--GENERAL INFORMATION | |
| fixed length control field | vf-cbaho- |
| 008 - FIXED-LENGTH DATA ELEMENTS--GENERAL INFORMATION | |
| fixed length control field | 881019s1988 cau122 0vleng d |
| 035 ## - SYSTEM CONTROL NUMBER | |
| System control number | ()16152 |
| 245 00 - TITLE STATEMENT | |
| Title | Greatest classic films : Little women : Madame Bovary : Pride and prejudice : Anna Karenina |
| Medium | [videorecording] / |
| Statement of responsibility, etc | Metro-Goldwyn-Mayer. |
| 260 ## - PUBLICATION, DISTRIBUTION, ETC. (IMPRINT) | |
| Place of publication, distribution, etc | Culver City, Ca. : |
| Name of publisher, distributor, etc | MGM/UA Home Video, |
| Date of publication, distribution, etc | c1988. |
| 300 ## - PHYSICAL DESCRIPTION | |
| Extent | 1 videocassette (122 min.) : |
| Other physical details | sd., col. ; |
| Dimensions | 1/2 in. |
| 500 ## - GENERAL NOTE | |
| General note | VHS format ; M200805. |
| 500 ## - GENERAL NOTE | |
| General note | From the novel by Louisa May Alcott. |
| 500 ## - GENERAL NOTE | |
| General note | Videocassette release of the 1949 motion picture. |
| 508 ## - CREATION/PRODUCTION CREDITS NOTE | |
| Creation/production credits note | Produced and directed by Mervyn LeRoy ; screenplay by Andrew Solt, Sarah Mason, and Victor Heerman. |
| 511 1# - PARTICIPANT OR PERFORMER NOTE | |
| Participant or performer note | June Allyson, Peter Lawford, Margaret O'Brien, Elizabeth Taylor, Janet Leigh. |
| 520 ## - SUMMARY, ETC. | |
| Summary, etc | Meg, Jo, Beth, and Amy March live with their mother in New England while their father is off to the Civil War. |
| 521 8# - TARGET AUDIENCE NOTE | |
| Target audience note | Not rated. |
| 590 ## - LOCAL NOTE (RLIN) | |
| Local note | Children. |
| 700 1# - ADDED ENTRY--PERSONAL NAME | |
| Personal name | Alcott, Louisa May, |
| Dates associated with a name | 1832-1888 |
| 9 (RLIN) | 9955 |
| 700 1# - ADDED ENTRY--PERSONAL NAME | |
| Personal name | Lawford, Peter, |
| Dates associated with a name | 1923- . |
| 9 (RLIN) | 5712229 |
| 700 1# - ADDED ENTRY--PERSONAL NAME | |
| Personal name | O'Brien, Margaret, |
| Dates associated with a name | 1937- . |
| 9 (RLIN) | 27588 |
| 700 1# - ADDED ENTRY--PERSONAL NAME | |
| Personal name | Taylor, Elizabeth, |
| Dates associated with a name | 1932- . |
| 9 (RLIN) | 1849 |
| 700 1# - ADDED ENTRY--PERSONAL NAME | |
| Personal name | Leigh, Janet. |
| 9 (RLIN) | 18661 |
| 700 1# - ADDED ENTRY--PERSONAL NAME | |
| Personal name | LeRoy, Mervyn, |
| Dates associated with a name | 1900-1987. |
| 9 (RLIN) | 25655 |
| 710 2# - ADDED ENTRY--CORPORATE NAME | |
| Corporate name or jurisdiction name as entry element | Metro-Goldwyn-Mayer, Inc. |
| 9 (RLIN) | 5819894 |
| 710 2# - ADDED ENTRY--CORPORATE NAME | |
| Corporate name or jurisdiction name as entry element | MGM/UA Home Video. |
| 9 (RLIN) | 5819895 |
| 942 ## - ADDED ENTRY ELEMENTS (KOHA) | |
| Koha item type | DVD |
| 948 ## - LOCAL PROCESSING INFORMATION (OCLC); SERIES PART DESIGNATOR (RLIN) | |
| Series part designator, SPT (RLIN) | 05/11/2004 |
| b (OCLC) | 02/11/2014 |
| z (OCLC) | Sirsi |
| 949 10 - LOCAL PROCESSING INFORMATION (OCLC) | |
| b | 34301000163362 |
| c | VIDEO |
| d | 257 LIT |
| p | 1995 |
| m | WCL |
| n | WCL |
| t | VID |
| 996 ## - | |
| -- | 16152 |
| -- | 34301001378555 |
| -- | DVD |
| -- | DVD |
| -- | wcl |
| -- | i |
| -- | 12 |
| -- | 25.00 |
| -- | .CIRCNOTE. 4 discs |
| -- | amazon |
| -- | Gre |
| -- | 02/11/2014 |
| -- | 11/13/2019 |
| -- | 11/05/2019 |
| Withdrawn status | Lost status | Source of classification or shelving scheme | Materials specified (bound volume or other part) | Damaged status | Not for loan | Collection code | Home library | Current library | Shelving location | Date acquired | Source of acquisition | Cost, normal purchase price | Total Checkouts | Total Renewals | Full call number | Barcode | Date last seen | Date checked out | Cost, replacement price | Price effective from | Koha item type |
|---|---|---|---|---|---|---|---|---|---|---|---|---|---|---|---|---|---|---|---|---|---|
| Dewey Decimal Classification | .CIRCNOTE. 4 discs | Movies | Wasatch County Library | Wasatch County Library | Audio Visual Area | 02/11/2014 | Amazon | 25.00 | 15 | 4 | DVD Gre | 34301001378555 | 03/07/2024 | 01/14/2023 | 25.00 | 03/20/2020 | DVD |
